| Tag |
First Indicator |
Second Indicator |
Subfields |
| LEADER |
00000cam a2200000 i 4500 |
| 001 |
in00004808621 |
| 008 |
780524s1966 dcua f000 0 eng d |
| 005 |
20240807184931.5 |
| 035 |
|
|
|a (OCoLC)ocm03923652
|
| 040 |
|
|
|a MMM
|b eng
|e rda
|c MMM
|d OCL
|d OCLCQ
|d OCLCF
|d OCLCQ
|d OCLCO
|d OCLCQ
|
| 019 |
|
|
|a 1145196371
|a 1153206688
|a 1166507926
|a 1224884300
|a 1231480093
|a 1298279833
|
| 035 |
|
|
|a (OCoLC)03923652
|z (OCoLC)1145196371
|z (OCoLC)1153206688
|z (OCoLC)1166507926
|z (OCoLC)1224884300
|z (OCoLC)1231480093
|z (OCoLC)1298279833
|
| 050 |
|
4 |
|a VM317
|b .U54 1966
|
| 082 |
0 |
4 |
|a 623.824
|q OCoLC
|
| 049 |
|
|
|a MAIN
|
| 110 |
1 |
|
|a United States.
|b Maritime Administration.
|b Office of Research and Development.
|0 http://id.loc.gov/authorities/names/n82136855
|
| 245 |
1 |
0 |
|a Technical, operational and economic report on the N.S. Savannah. :
|b First year of experimental commercial operation, 1965-1966 /
|c prepared by Office of Research and Development.
|
| 264 |
|
1 |
|a [Washington] :
|b U.S. Maritime Administration,
|c [1966?]
|
| 300 |
|
|
|a iii, [61] leaves :
|b illustrations ;
|c 28 cm
|
| 336 |
|
|
|a text
|b txt
|2 rdacontent
|
| 337 |
|
|
|a unmediated
|b n
|2 rdamedia
|
| 338 |
|
|
|a volume
|b nc
|2 rdacarrier
|
| 500 |
|
|
|a NSS/ECO-A.
|
| 590 |
|
|
|b TAG Physical Holdings 2
|
| 610 |
2 |
0 |
|a Savannah (Nuclear ship)
|0 http://id.loc.gov/authorities/names/n50059270
|
| 610 |
2 |
7 |
|a Savannah (Nuclear ship)
|2 fast
|0 (OCoLC)fst00514836
|
| 650 |
|
0 |
|a Nuclear cargo ships.
|0 http://id.loc.gov/authorities/subjects/sh85092949
|
| 650 |
|
0 |
|a Nuclear merchant ships.
|0 http://id.loc.gov/authorities/subjects/sh85093017
|
| 650 |
|
0 |
|a Nuclear ships.
|0 http://id.loc.gov/authorities/subjects/sh85093105
|
| 650 |
|
6 |
|a Navires marchands nucléaires.
|
| 650 |
|
6 |
|a Navires nucléaires.
|
| 650 |
|
7 |
|a Nuclear cargo ships.
|2 fast
|0 (OCoLC)fst01039906
|
| 650 |
|
7 |
|a Nuclear merchant ships.
|2 fast
|0 (OCoLC)fst01040368
|
| 650 |
|
7 |
|a Nuclear ships.
|2 fast
|0 (OCoLC)fst01040883
|
| 994 |
|
|
|a 92
|b TAG
|
| 852 |
|
|
|a TAG
|b TAGC
|c galv,stk
|h VM317 .U54 1966
|t c.1
|
| 876 |
|
|
|p 33620000240792
|v unmediated -- volume
|
| 999 |
f |
f |
|s 2ea77ddc-83fd-43f9-990d-efc87670a9fe
|i 4f5eba14-4b56-4dbb-8281-24fcf4ac48a7
|t 0
|
| 952 |
f |
f |
|p normal
|a Texas A&M University
|b Galveston Campus
|c Jack K. Williams Library
|d Galveston Stacks
|t 0
|e VM317 .U54 1966
|h Library of Congress classification
|i unmediated -- volume
|m 33620000240792
|
| 998 |
f |
f |
|a VM317 .U54 1966
|t 0
|l Galveston Stacks
|